| 000 | 00546nam a2200181Ia 4500 | ||
|---|---|---|---|
| 003 | GCL | ||
| 008 | 140319s9999 xx 000 0 ara d | ||
| 040 |
_aGCL / _cGCL |
||
| 082 | 0 | 4 |
_a229.5 _bع د |
| 100 | 1 | _aعبدالقادر حسين | |
| 245 | 1 | 0 |
_aدراما الحسد والعزيزة: قصة يوسف عليه السلام / _cعبدالقادر حسين |
| 700 | 1 | _aثابت كريم | |
| 300 | _a69 ص | ||
| 490 |
_aكتاب _v0 |
||
| 650 | 0 | 4 | _aقصص الانبياء |
| 650 | 0 | 4 | _aيوسف عليه السلام |
| 942 |
_2ddc _cBK |
||
| 999 |
_c42578 _d42578 |
||